| 000 | 07324nam a22006013a 4500 | ||
|---|---|---|---|
| 005 | 20051014160153.0 | ||
| 008 | 050725t20052003nyu | 00| 0 eng d | ||
| 010 | _aB-278810-811, B-284263-291, B-284519 | ||
| 020 |
_a9781846040177 _c£ 14.99 |
||
| 035 | _aB-278810-811, B-284263-291, B-284519 | ||
| 037 | _bAakar | ||
| 040 |
_adpl _bEnglish |
||
| 082 | _a915.404 | ||
| 100 | _aTully, Mark | ||
| 245 |
_aIndia's unending journey: _cby Mark Tully _bfinding balance in a time of change / |
||
| 260 |
_aLondon _bRider _c2007 |
||
| 270 |
_aRandom House, 20 Vauxhall Bridge Road _bLonfon _eSW IV 2SA |
||
| 300 |
_ax, 278p. _c24 cm (Hb) |
||
| 942 |
_2ddc _cEN _mTUL _h915.404 |
||
| 999 |
_c25445 _d25445 |
||